00365nam a2200133Ia 4500008004100000041000800041082001400049100001900063245004500082250001400127260005200141300003100193365000700224240624s9999 xx 000 0 und d aeng a658.8 MUL aMULLINS JOHN W aMARKETING MANAGEMENT A STRATEGIC DECISIO a(7th ed.) c2010aBostonbMcGraw-Hill International Edition axxi, : 551 : p. : cm. ; 25 cRS